Música solar (Registro nro. 11053)

Detalles MARC
000 -Cabecera
Campo de control de longitud fija 00615nam a22002537a 4500
005 - Fecha y hora de la última transacción
Campo de control 20251212111958.0
008 - Elementos de longitud fija--Información general
Campo de control de longitud fija 180827b2017 xxu||||| |||| 00| 0 spa d
020 ## - International Standard Book Number
Número Internacional Estándar del Libro (ISBN) 9788416560073
041 ## - Idioma
Código de idioma Español
082 ## - Clasificación Decimal Dewey
Número de clasificación CR 861.44 C487m
100 ## - Entrada principal--Autor personal
Nombre personal Chase Brenes, Alfonso
9 (RLIN) 21913
245 ## - Título propiamente dicho
Título Música solar
260 ## - Pie de imprenta
Lugar de publicación, distribución, etc. España
260 ## - Pie de imprenta
Nombre del editor, distribuidor, etc. Valparaíso
260 ## - Pie de imprenta
Fecha de publicación, distribución, etc. 2017
300 ## - Descripción física
Extensión 107 páginas
490 ## - Serie
Título de la Serie Temática General
650 ## - Materia general
Temática (materia general) POESÍA COSTARRICENSE
650 ## - Materia general
Temática (materia general) LITERATURA COSTARRICENSE
650 ## - Materia general
Temática (materia general) ANTOLOGÍA POÉTICA
650 ## - Materia general
Temática (materia general) AMOR
650 ## - Materia general
Temática (materia general) HUMOR
942 ## - Punto de acceso adicional KOHA
Tipo de ítem KOHA Literatura
Fuente del sistema de clasificación o colocación Dewey Decimal Classification
Existencias
Signatura completa Código de barras Programa Académico Tipo de ítem
CR 861.44 C487m 23399 Temática General Literatura